000
00321nam a2200133Ia 4500
008
240624s9999 xx 000 0 und d
041
_a
eng
082
_a
170 BAG
100
_a
BAGCHI SUBROTO
245
_a
PROFESSIONAL
260
_c
2009
_a
New Delhi
_b
Penguin India
300
_a
xxi, : 217 : p. : cm. ; 20
365
_c
RS
999
_c
22787
_d
22787